LEADER 02991nam 2200541 450 001 9910163124603321 005 20170924202037.0 010 $a90-04-21060-1 024 7 $a10.1163/9789004210608 035 $a(CKB)3710000000865076 035 $a(PQKBManifestationID)16528609 035 $a(PQKBWorkID)15055136 035 $a(PQKB)23873061 035 $a(MiAaPQ)EBC4790448 035 $a 2016033566 035 $a(nllekb)BRILL9789004210608 035 $a(EXLCZ)993710000000865076 100 $a20160718h20172017 uy| 0 101 0 $aeng 135 $aurcnu|||||||| 181 $ctxt 182 $cc 183 $acr 200 10$aHip hop's hostile gospel $ea post-soul theological exploration /$fby Daniel White Hodge 210 1$aLeiden ;$aBoston :$cBrill,$d[2017] 210 4$dİ2017 215 $a1 online resource (238 pages) 225 1 $aStudies in critical research on religion,$x1877-2129 ;$vvolume 6 300 $aBibliographic Level Mode of Issuance: Monograph 311 $a90-04-21059-8 320 $aIncludes bibliographical references and index. 327 $aPreliminary Material -- Introduction: Hip Hop?s Complexity and Theological Intricacy -- Context, Societal Change, and the Construct of Hip Hop Culture -- God in the Cypher: Theological Narratives in Hip Hop -- Hip Hop?s Totemic Prophet: Tupac Amaru Shakur -- Violence, Death, and Suffering in Hip Hop Context -- No Jesus in the Wild: Race, and The Jesuz Figure -- Conclusions: What is Theology and Spirituality in Hip Hop? -- Appendix 1: The Source Magazine?s Top 100 Rap Albums -- Appendix 2: Top 25 List Generated from Interviewees of Hip Hop Theologically Influenced Artists -- Bibliography -- Index. 330 $aIn this book, Hodge takes into account the Christological, theological, and ecclesiological ruminations of a selected group of Hip Hop and rap song lyrics, interviews, and interviews from those defined as Hip Hoppers. The aim of this examination is to ascertain what a Hip Hop theology of community might entail, how it may look, and what it could feel like. The central premise are questions: does a Hip Hop ?theology? even fit? Is there an actual motif which Hip Hoppers are espousing within the supernatural realm? This study concerns itself with just over 8,500 songs. Its timespan is between 1987-2011, and it contains interviews from those in the Hip Hop community. 410 0$aStudies in critical social sciences.$pStudies in critical research on religion ;$vvolume 6. 606 $aRap (Music)$xReligious aspects 606 $aHip-hop$xReligious aspects 608 $aElectronic books. 615 0$aRap (Music)$xReligious aspects. 615 0$aHip-hop$xReligious aspects. 676 $a782.421649 700 $aHodge$b Daniel White$f1974-$0929277 801 0$bMiAaPQ 801 1$bMiAaPQ 801 2$bMiAaPQ 906 $aBOOK 912 $a9910163124603321 996 $aHip hop's hostile gospel$92088526 997 $aUNINA